La Constitución inglesa

שמור ב:
מידע ביבליוגרפי
מחבר ראשי: Bagehot, Walter
פורמט: לא ידוע
שפה:אנגלית
ספרדית
יצא לאור: Madrid, España Centro de Estudios Políticos y Constitucionales 2010
מהדורה:Primera edición
סדרה:Colección Clásicos Políticos
נושאים:
תגים: הוספת תג
אין תגיות, היה/י הראשונ/ה לתייג את הרשומה!

MARC

LEADER 00000 a2200000 4500
003 CL-VaPUC
005 20210617001449.0
008 200114b ||||| |||| 00| 0 eng d
999 |c 376080  |d 376078 
020 |a 9788425914751 
040 |c Pontificia Universidad Católica de Valparaíso 
041 0 |a spa 
082 |a 342.42 BAG 2010 
100 1 |a Bagehot, Walter  |9 604994 
245 1 3 |a La Constitución inglesa 
250 |a Primera edición 
260 3 |b Centro de Estudios Políticos y Constitucionales  |c 2010  |a Madrid, España 
300 |a 257 p 
490 0 0 |a Colección Clásicos Políticos 
505 0 |a Capítulo I. El gabinete. Capítulo II. El gobierno de gabinete. Sus condiciones previas: su forma especial en Inglaterra. Capítulo III. La monarquía. Capítulo IV. La monarquía (continuación). Capítulo V. La Cámara de los Lores. Capítulo VI. La Cámara de los Comunes. Capítulo VII. Los cambios de ministerio. CapítuloVIII. Frenos y contrapesos de la Constitución inglesa. Capítulo IX. Historia de la Constitución inglesa. Conclusión 
583 |k Hugo Gaete  |c 20200114 
650 0 0 |a CONSTITUCION INGLESA  |9 453081 
650 0 0 |a Poderes del estado  |9 377457 
650 0 0 |a MONARQUIA INGLESA  |9 410591 
650 0 0 |a PARLAMENTO INGLES  |9 441634 
942 |2 ddc  |c BK 
952 |0 0  |1 0  |2 ddc  |4 0  |6 342_420000000000000_BAG_2010  |7 0  |9 495253  |a BIBDER  |b BIBDER  |d 2019-12-27  |e 36  |g 23106.00  |i 5571103  |o 342.42 BAG 2010  |p 5571103  |r 2023-01-25  |t 1  |v 23106.00  |w 2019-12-27  |y BK  |k DER